10 États les moins visités aux États-Unis - Statistiques

Statistiques générales
  • Ce quiz a été pris 481 fois
  • Le résultat moyen est 6 sur 10
Statistiques - réponses
# Visiteurs (million) État % Correct
10 24 Dakota du nord
84%
2 10,1 Wyoming
72%
4 12,8 Vermont
69%
6 16 Iowa
66%
3 11 Montana
66%
7 19,2 Rhode Island
62%
8 19,1 Nebraska
61%
1 7,3 Delaware
58%
5 15,2 Virginie occidentale
54%
9 22 Mississippi
43%
Aucun quiz correspondant
Distribution des résultats
% des personnes avec chaque résultat
Percentile par nombre de réponses
Votre historique - résultats
Vous n’avez pas pris ce quiz